LEADER 00703nam a2200181 i 4500 001 000000211825 003 CaOOAMICUS 005 20120315000000.0 008 120315s1876 fr u000 u fre u 013 $a190646 040 $aSeMil$bita 100 1 $aSainte-Beuve, Charles Augustin : de,$d<1804-1869>.$0(OLS)http://semarc/name/8933 245 10$aTome 1. 300 $a502 p. 773 0 $aSainte-Beuve, Charles Augustin : de <1804-1869>$tPortraits littéraires.$bNouvelle ed. revue et corrigée.$dParis : Garnier frères, 1864-1876.$g1$w()25216 850 $aSeMil 852 $aSeMil$W1$xVenegono$y1$m1W IV 96 FA$j162264$B162264$CSeMilBibl$Z2$F173530 $8I 996 $6245$aTome 1$9(OLS)http://semarc/title/1447 LEADER 01202nam a2200277 i 4500 001 000000066225 003 CaOOAMICUS 005 20091015000000.0 008 091015s1960 it u000 u ita u 013 $a37397 040 $aSeMil$bita 100 1 $aRosmini, Antonio,$c.$0(OLS)http://semarc/name/405 245 10$aSperanza cristiana /$cAntonio Rosmini ; testi scelti a cura di V.M. Forever. [prefazione] La Spiritualità Rosminiana / di Giovanni Gaddo. 260 $aFossano (CN) :$bEdizioni Esperienze,$c1960. 300 $aXXXII, 118 p. ;$c17 cm. 490 0 $aVia sapientiae : collana di spiritualità ;$v4 700 1 $aForever, V.M.$0(OLS)http://semarc/name/33261 700 1 $aGaddo, Giovanni.$0(OLS)http://semarc/name/33260 830 0$aVia sapientiae ;$v4.$0(OLS)http://semarc/title/29487 850 $aSeMil 852 $aSeMil$W1$xVenegono$y1$m3D IV 208$j32378$B32378$CSeMilBibl$Z2$F32381 $81 900 1 $aRosmini Serbati, Antonio. 961 $aOmaggio: Aceti don Guido 996 $6245$aSperanza cristiana$9(OLS)http://semarc/title/105284 996 $6260$aFossano (CN) :$bEdizioni Esperienze$9(OLS)http://semarc/publisher/31484